| 000 | 00916nam a2200265 a 4500 | ||
|---|---|---|---|
| 001 | 000010500 | ||
| 003 | DO-SdBNP | ||
| 005 | 20241028093849.0 | ||
| 007 | 000010500 | ||
| 008 | 091007s1983 dr 000 p spa d | ||
| 040 |
_aBPMSU _bspa _cBPMSU |
||
| 082 | 4 |
_aRD861.09 _bM491s 1983 _222 |
|
| 245 | 0 | 0 |
_aMedio siglo de poesía dominicana / _cJosé Adamés Chapman ... [et al.] ; coordinador José Alcántara Almánzar. |
| 260 |
_aSanto Domingo : _bINTEC, _c1983. |
||
| 300 |
_a47 p. ; _c22 cm. |
||
| 490 | 0 |
_aMonografía, _v19 |
|
| 500 | _aIncluye referencias bibliográficas y notas al pie de las páginas | ||
| 590 | _aInventariado, 2024/VM | ||
| 650 | 4 |
_aPoesía dominicana _xHistoria y crítica |
|
| 700 | 1 |
_aAlcántara Almánzar, José _ecoordinador |
|
| 700 | 1 | _aAdamés Chapman, José | |
| 710 | 2 | _aInstituto Tecnológico de Santo Domingo | |
| 910 | _aVMateo V. Control de calidad BPMSU | ||
| 942 |
_2ddc _cBK |
||
| 999 |
_c7498 _d7498 |
||